Surnoms des personnages de Fairy Tail - Statistiques

Statistiques générales
  • Ce quiz a été pris 93 fois
  • Le résultat moyen est 7 sur 30
Statistiques - réponses
Personnage Surnom % Correct
Erza Titania, la Reine des Fées
82%
Natsu La Salamandre
78%
Acnologia Le Dragon Noir de l'Apocalypse
58%
Zeleph Le Mage noir
53%
Ignir Le Roi des Dragons de Feu
52%
Mirajane La Démone
51%
Metalicana Le Dragon d'Acier
40%
Grandiné Le Dragon Céleste
34%
Rog Le Dragon de l'Ombre
31%
Precht Hadès
29%
Sting Le Dragon Blanc
26%
August Le Roi des Mages
26%
Mavis La Stratège des Fées
19%
Jubia La Femme de la Pluie
17%
Ajil Le Roi du Désert
17%
Wendy La Prêtresse Céleste
16%
Eileen Le Désespoir Ecarlate
14%
Inbel Général de l'Hiver
10%
God Serena Hybrid Theory
5%
Jura Jura d'Acier
5%
Jacob L'Assassin
5%
Elfman Beast Arm
4%
Brandish La Briseuse de Pays
4%
Gajil L'Acier Noir
4%
Wahl Icht Le Juge
4%
Gildarts Gildarts de l'Ouest
3%
Ultia L'Assistante du Temps
3%
Bloodman Le Dieu de la Mort
3%
Rahkeid Le Dragnir Blanc
3%
Dimaria L'innocente Guerrière
3%
Aucun quiz correspondant
Distribution des résultats
% des personnes avec chaque résultat
Percentile par nombre de réponses
Votre historique - résultats
Vous n’avez pas pris ce quiz